| 000 | 00594nam a22001937a 4500 | ||
|---|---|---|---|
| 005 | 20230912150930.0 | ||
| 010 | _aENG-137918 | ||
| 020 |
_c1055.00 _a9789357050487 |
||
| 035 | _aEN-121450 | ||
| 037 | _bDBAD/PUB | ||
| 082 |
_a512 _2First |
||
| 100 |
_aSharma, Om _956445 |
||
| 245 |
_aJEE Advanced Mathematics Algebra / _cBy Om Sharma |
||
| 250 | _aFirst | ||
| 260 |
_aNoida _bPearson India Education Services Pvt Ltd _c2024 |
||
| 270 |
_aIst Floor, Berger Tower, Plot No C-001A/2 Sector 16B _bNoida _e201301 |
||
| 300 |
_avpp. _c28cm(pbk) |
||
| 942 |
_2ddc _cEN _h512 _mSHA |
||
| 999 |
_c197726 _d197726 |
||